000 00286nam a2200121Ia 4500
008 190216s9999||||xx |||||||||||||| ||und||
100 _aReutov O
245 0 _aAdvances In Organometallic Chemistry
260 _bMir Publishers
_c1984
300 _a261
650 _aChemistry
942 _cBK
999 _c2753
_d2753